| 000 | 00831nam a2200241 i 4500 | ||
|---|---|---|---|
| 001 | bgj | ||
| 245 | 1 | 0 |
_aLiteraturvermittler um die Jahrhundertwende : _bder J.C.C. Bruns' Verlag seine Autoren und Übersetzer / _cKlaus Martens (Hrsg.). |
| 260 |
_aSt. Ingbert : _bRöhrig Universitäts Verlag, _c1996. |
||
| 300 |
_a223 s. : _bil. ; _c24 cm. |
||
| 490 | 1 |
_aSchriften der Saarländischer Universitäs- und Landesbibliothek _vBd. 1 |
|
| 504 | _aBibliogr. s. 213-215. Indeks. | ||
| 650 | 9 |
_aLiteratura niemiecka _xwystawy |
|
| 700 | 1 | _aMARTENS, Klaus. | |
| 830 | _aSchriften der Saarländischer Universitäs- und Landesbibliothek | ||
| 020 | _a3861100940 | ||
| 040 | _cBPK | ||
| 041 | 0 | _ager | |
| 044 | _aDEU | ||
| 080 | _a821.112.2 | ||
| 920 | _a3-86110-094-0 | ||
| 942 | _cKS | ||
| 008 | s gw f |000 0 ger | ||
| 999 |
_c50336 _d50336 |
||